| 000 | 00000nam 2200000zi 4500 |
| 001 | 9.947763 |
| 003 | CaOODSP |
| 005 | 20250423101119 |
| 006 | m o d f |
| 007 | cr |n||||||||| |
| 008 | 250205t20252025onca o f00| 0 eng d |
| 020 | |a9780660756059 |
| 040 | |aCaOODSP|beng|erda|cCaOODSP |
| 043 | |an-cn-on |
| 086 | 1 |aM4-260/2025E-PDF |
| 245 | 00|aResearch project on groundwater flow and contamination sources in the lower portion of the Grand River watershed, Ontario. |
| 264 | 1|a[Ottawa] : |bNatural Resources Canada = Ressources naturelles Canada, |c2025. |
| 264 | 4|c©2025 |
| 300 | |a1 online resource (2 unnumbered pages) : |billustrations |
| 336 | |atext|btxt|2rdacontent |
| 337 | |acomputer|bc|2rdamedia |
| 338 | |aonline resource|bcr|2rdacarrier |
| 500 | |aIssued also in French under title: L'écoulement des eaux souterraines et des sources de contamination dans la partie aval du bassin versant de la rivière Grand, Ontario. |
| 500 | |aThe catalogue number (M4-260/2025E) and ISBN (978-0-660-75606-6) for the print edition have been copied in this electronic publication. |
| 650 | 0|aGroundwater flow|zOntario|zGrand River Watershed. |
| 650 | 0|aGroundwater|xPollution|zOntario|zGrand River Watershed. |
| 710 | 1 |aCanada. |bNatural Resources Canada, |eissuing body. |
| 775 | 08|tL'écoulement des eaux souterraines et des sources de contamination dans la partie aval du bassin versant de la rivière Grand, Ontario.|w(CaOODSP)9.947765 |
| 776 | 0#|tResearch project on groundwater flow and contamination sources in the lower portion of the Grand River watershed, Ontario.|w(CaOODSP)9.947764 |
| 856 | 40|qPDF|s2.06 MB|uhttps://publications.gc.ca/collections/collection_2025/rncan-nrcan/M4-260-2025-eng.pdf |